Vista normal
Vista MARC
- Víquez Solís, Ronald
Entrada Personal Name
Número de registros utilizados en: 1
001 - CONTROL NUMBER
- control field: 5191
003 - CONTROL NUMBER IDENTIFIER
- control field: OSt
005 - DATE AND TIME OF LATEST TRANSACTION
- control field: 20160224133548.0
008 - FIXED-LENGTH DATA ELEMENTS
- fixed length control field: 160224|| aca||aabn | a|a d
040 ## - CATALOGING SOURCE
- Original cataloging agency: OSt
- Transcribing agency: OSt
100 ## - HEADING--PERSONAL NAME
- Personal name: Víquez Solís, Ronald
670 ## - SOURCE DATA FOUND
- Source citation: Work cat.: (OSt)4604: Víquez Solís, Ronald, Régimen legal de la Zona Marítimo Terrestre su ley y su reglamento, 2007